Kinetic stury on catalytic cracking of rubber seed (Hevea brasiliensis) oil to liquid fuels (Record no. 61865)
[ view plain ]
| 000 -LEADER | |
|---|---|
| fixed length control field | 00577nam a2200193Ia 4500 |
| 100 ## - MAIN ENTRY--AUTHOR NAME | |
| Personal name | Rengga W D P |
| 245 #0 - TITLE STATEMENT | |
| Title | Kinetic stury on catalytic cracking of rubber seed (Hevea brasiliensis) oil to liquid fuels |
| 260 ## - PUBLICATION, DISTRIBUTION, ETC. (IMPRINT) | |
| Name of publisher | Chemical Reaction Engineering and Catalysis |
| Year of publication | 2015 |
| 300 ## - PHYSICAL DESCRIPTION | |
| Number of Pages | 50-60 |
| 500 ## - GENERAL NOTE | |
| General note | Source Year: 2015 |
| 650 ## - SUBJECT ADDED ENTRY--TOPICAL TERM | |
| Topical Term | Catalytic cracking |
| 650 ## - SUBJECT ADDED ENTRY--TOPICAL TERM | |
| Topical Term | Kinetics |
| 650 ## - SUBJECT ADDED ENTRY--TOPICAL TERM | |
| Topical Term | Liquid fuel |
| 650 ## - SUBJECT ADDED ENTRY--TOPICAL TERM | |
| Topical Term | Rubber seed oil |
| 650 ## - SUBJECT ADDED ENTRY--TOPICAL TERM | |
| Topical Term | Six-lump |
| 856 ## - ELECTRONIC LOCATION AND ACCESS | |
| Uniform Resource Identifier | copy of online article |
| 942 ## - ADDED ENTRY ELEMENTS (KOHA) | |
| Koha item type | Journals |
| Withdrawn status | Lost status | Damaged status | Not for loan | Home library | Current library | Shelving location | Date acquired | Serial Enumeration / chronology | Koha item type |
|---|---|---|---|---|---|---|---|---|---|
| Journals | RRII Library | RRII Library | Rubber seed | 01/01/2016 | Volume 10, Issue 1 | Journals |